Sự đa dạng của trí thông minh /

Tallennettuna:
Bibliografiset tiedot
Päätekijä: Gardner, Howard, GS.
Muut tekijät: Vũ Hương Linh (dịch.)
Aineistotyyppi: Artikkeli
Kieli:Vietnamese
Aiheet:
Tagit: Lisää tagi
Ei tageja, Lisää ensimmäinen tagi!
Thư viện lưu trữ: Thư viện Trường Đại học Đà Lạt
LEADER 00800nam a2200277 4500
001 DLU090085272
005 ##20091126
040 # # |a DLU  |b vie 
041 # # |a vie 
044 # # |a vn 
100 # # |a Gardner, Howard,   |c GS. 
245 # # |a Sự đa dạng của trí thông minh /  |c Howard Gardner, Vũ Hương Linh dịch. 
653 # # |a Nhân chủng học 
653 # # |a Trí tuệ 
653 # # |a Y học 
700 # # |a Vũ Hương Linh,   |e dịch. 
773 # # |t Nghiên cứu con người  |g Số 1(40), 2009, tr. 21-28 
920 # # |a Phòng Tạp chí -- Trung tâm Thông tin - Thư viện Trường Đại học Đà Lạt 
994 # # |a DLU 
900 # # |a True 
911 # # |a Nguyễn Thị Linh Chi 
925 # # |a G 
926 # # |a A 
927 # # |a BB 
980 # # |a Thư viện Trường Đại học Đà Lạt